| 000 | 00451nam a2200157Ia 4500 | ||
|---|---|---|---|
| 008 | 230312s9999||||xx |||||||||||||| ||und|| | ||
| 020 | _a0-521-67593-6 | ||
| 082 |
_a620.001 _bCHA-F |
||
| 100 | _aCha,Philip.D | ||
| 245 | 0 | _aFundamentals of Modeling and Analyzing Engineering Systems | |
| 260 |
_bCambridge University Press _aIndia _c2000 |
||
| 300 | _a466 | ||
| 546 | _aEng. | ||
| 650 |
_aEngineering _vConcepts and Mathematical Modeling |
||
| 942 | _cBK | ||
| 999 |
_c1872 _d1872 |
||